| 000 | 00757nam a2200229 u 4500 | ||
|---|---|---|---|
| 005 | 20240924064035.0 | ||
| 008 | 130605s2007 r 000 0 eng d | ||
| 020 | _a9788480638777 | ||
| 035 | _aUPN01000191493 | ||
| 049 | _aCG | ||
| 050 | 4 |
_aLB1520 _bB3.7 |
|
| 100 | 1 |
_aDe Bartolomeis, Francesco, _d1918- _935970 |
|
| 245 | 1 | 0 |
_aReflexiones en torno al sistema formativo / _cFrancesco de Bartolomeis ; tr. Sonia Pomares Caminals. |
| 260 |
_aBarcelona : _bOctaedro, _c2007. |
||
| 300 | _a156 p. | ||
| 440 | 0 |
_aRecursos ; _v70 |
|
| 534 |
_pTítulo original: _tRiflesioni intorno al sistema formativo |
||
| 650 | 4 |
_aEnseñanza objetiva _96401 |
|
| 650 | 4 |
_aEducación _xMetodología _912791 |
|
| 650 | 4 |
_aEducación _xInvestigación _94070 |
|
| 905 | _aLibro | ||
| 999 |
_c163596 _d163596 |
||